000 00852nab a2200253 u 4500
001 21833
003 HDC
007 cr bn ---aaaaa
008 210310b2016mmddmy d||ne |||| 00| 0 may d
040 _aHDC
245 0 _aPotensi pasaran produk halal
_c/ Berita Harian
260 _aMalaysia:
_bNew Straits Times Press (M) Bhd.,
_c2016
300 _a1 online resource (page 6)
336 _atext
_2rdacontent
337 _acomputer
_2rdamedia
338 _aonline resource
_2rdacarrier
650 _aFood industry and trade
_9140
650 _aHalal food industry
_xExhibitions
_919178
710 _aBerita Harian
856 _zRequest full-text at [email protected]
942 _2lcc
942 _cNEWS
942 _kNWSC 002807
999 _c19149
_d19149